| 000 | 00510nam a22001695i 4500 | ||
|---|---|---|---|
| 001 | 68835 | ||
| 003 | ES-MaACL | ||
| 005 | 20251004063114.0 | ||
| 007 | t| | ||
| 008 | 960830s1861 fr ||||1| fre d | ||
| 100 | 1 |
_aGirardin, Émile de, _d1806-1881 _957233 |
|
| 245 | 1 | 0 |
_aRéponse d'un mort a M. Clément Duvernois / _cEmile de Girardin. |
| 260 |
_aParis : _bMichel Lévy Frères, _c1861 ( _fImp. Serriere) |
||
| 300 |
_a32 p. ; _c23 cm. |
||
| 852 | 4 |
_aES-MaACL _jT-77-F-10 |
|
| 999 |
_c68835 _d68835 |
||